Folge den Anweisungen! - Sudden Death - Statistiken

Allgemein
  • Dieses Quiz wurde 434 mal gespielt
  • Das Durchschnittsergebnis liegt bei 4 aus 18
Answers on the Grid
Answers color-coded by a green-red scale on the quiz's grid according to % correct below.
1. Sprich niemals über Sudden Death!
2. Sprich NIEMALS über Sudden Death!
3. Tue NIE, was Vielfache von 7 sagen!
4. Ich bin "das" Feld.
5. Ich bin "dieses" Feld.
6. Ich bin "das andere" Feld.
7. Klicke auf den "Aufgeben"-Knopf.
8. ich mag schildkröten
9. Klicke die Wurzel dieses Feldes.
1o. Klicke das erste Feld an.
11. Klicke dieses Feld und seine Vielfache an.
12. Klicke die höchste Zahl an.
13. "Mein Körper" !
14. Lade die Seite neu.
15. Klicke die nächsten drei Primzahlen an.
16. Klicke nicht dieses Feld an, klicke "das andere".
17. Berühre "meinen Körper".
18. Klicke "dieses" Feld an, nicht dieses.
19. Klicke das "sofort verloren"-Feld an.
20. Klicke auf keinen Fall dieses Feld an. NIE!
21. Klicke das vorherige Feld an.
22. Klicke das falsch bezeichnete Feld an.
23. Klicke nicht auf "das" Feld.
24. Klicke das letzte noch nicht angeklickte Feld vor mir an.
25. Klicke 3 x 5 an.
26. Klicke alle Felder an, deren Ziffern zusammenaddiert 10 ergeben.
27. Sofort Verloren.
28. Schalte dein Gerät aus.
29. Klicke das Feld ohne Zeichensetzung am Ende an.
30. Klicke das Feld an, dass dich dazu gebracht hat, dieses Feld anzuklicken.
 
Antwortstatistiken
Antwort % Korrekt
1. Sprich niemals über Sudden Death!
82%
3. Tue NIE, was Vielfache von 7 sagen!
41%
11. Klicke dieses Feld und seine Vielfache an.
30%
30. Klicke das Feld an, dass dich dazu gebracht hat, dieses Feld anzuklicken.
30%
17. Berühre "meinen Körper".
29%
5. Ich bin "dieses" Feld.
29%
19. Klicke das "sofort verloren"-Feld an.
28%
22. Klicke das falsch bezeichnete Feld an.
28%
23. Klicke nicht auf "das" Feld.
27%
6. Ich bin "das andere" Feld.
23%
15. Klicke die nächsten drei Primzahlen an.
19%
12. Klicke die höchste Zahl an.
16%
8. ich mag schildkröten
14%
27. Sofort Verloren.
13%
13. "Mein Körper" !
11%
1o. Klicke das erste Feld an.
7%
21. Klicke das vorherige Feld an.
7%
28. Schalte dein Gerät aus.
6%
Keine übereinstimmenden Quizze gefunden
Verteilung der Resultate
Anzahl Personen mit jedem Resultat
Perzentil nach korrekt beantworteten Fragen
Ihre Resultats-Entwicklung
Sie haben dieses Quiz noch nicht gespielt